1342 1977 1648 1449 1021 1632 1009 1586 1314 1509 1954 1630 1818 1515 1586 1852 1706 1306 1747 1635 1488 1367 1943 1611 1415 1942 1292 1092 1116 1428 1097 1630 1108 1156 1692 1623 1057 1677 1944 1257 1407 1727 1770 1810 1426 1588 1518 1327 1154 1480 1274 1024 1092 1333 1989 1394 1789 1094 1941 1445 1142 1891 1251 1286 1701 1250 1870 1307 1977 1999 1231 1360 1515 1579 1359 1823 1056 1162 1931 1713 1215 1607 1239 1047 1555 1180 1439 1806 1996 1409 1408 1857 1945 1773 1468 1507 1449 1768 1027 BCNSPRNW ULIB Ver.6.0+V

เปลี่ยนเป็นภาษาไทย

Change to English
 แสดงรายละเอียดบรรณานุกรม
  กลับหน้าหลัก

Brief Record : Get Marc (ISO 2709) : E-mail record : QR code < ปิดหน้าต่าง
LEADER : 00000nam 2200000uu 4500
001    13399127747
003     ULIB
008    210518s2557||||th 000 0 tha d
020    ู^a9786163692979
050    ^aนว^bซ119ม^cล.7
100    ^aซ็อลบง
245    ^aมหากาพย์เทพมรณะ เล่ม 7
250    ^aพิมพ์ครั้งที่ 1
260    ^aกรุงเทพฯ :^bสยามอินเตอร์บุ๊คส์,^c2557
300    ^a218 หน้า;^b21 ซม.
650    ^aนวนิยาย
945    ^p200^l0^i008058
999    ^aประนอม เกษจรัล
รายการนี้ยังไม่มีแท็ก
คุณยังไม่ได้ล็อกอิน คุณสามารถมีกิจกรรมร่วมกับเว็บไซต์ได้ แต่ต้องล็อกอินก่อน ::
  ล็อกอิน

รายการสื่อสารสนเทศ

ลำดับที่ ประเภท เลขเรียก/บาร์โค้ด สถานที่ สถานะ
1. นวนิยาย
นวนิยาย
นว ซ119ม ล.7 ฉ.1 
  Barcode: 008058
ห้องสมุดวิทยาเขตนครสวรรค์
►นวนิยาย:l:Fiction
บนชั้น
Note:บริจาค

รายการใกล้เคียง
    ผู้แต่ง [ซ็อลบง]

    หัวเรื่อง [นวนิยาย]

BibComment


ยังไม่เคยถูกคอมเมนท์

คอมเมนท์ทรัพยากรรายการนี้
  คอมเมนท์: มหากาพย์เทพมรณะ ..


 Copyright 2026. Bcnsprnw @Library